| 000 | 00394nam a2200169Ia 4500 | ||
|---|---|---|---|
| 005 | 20250423095057.0 | ||
| 008 | 250422s9999 xx 000 0 und d | ||
| 020 | _a978-0-07-161586-0 | ||
| 100 | _aSeymour Lipschutez | ||
| 245 | 0 | _aDiscreteMathematics | |
| 260 | _aNew York | ||
| 260 | _bMcGraw-Hill | ||
| 260 | _c2007 | ||
| 300 | _a474 p | ||
| 650 | _aDiscrete Mathematics | ||
| 942 | _cBK | ||
| 999 |
_c29170 _d29170 |
||